<?xml version="1.0" encoding="UTF-8"?>
<record
    xmlns:xsi="http://www.w3.org/2001/XMLSchema-instance"
    xsi:schemaLocation="http://www.loc.gov/MARC21/slim http://www.loc.gov/standards/marcxml/schema/MARC21slim.xsd"
    xmlns="http://www.loc.gov/MARC21/slim">

  <leader>00673nam a22002297a 4500</leader>
  <controlfield tag="003">OSt</controlfield>
  <controlfield tag="005">20250828093748.0</controlfield>
  <controlfield tag="008">250828t2011    sp ||||| |||| 00| f spa d</controlfield>
  <datafield tag="020" ind1=" " ind2=" ">
    <subfield code="a">978-84-9867-938-0</subfield>
  </datafield>
  <datafield tag="040" ind1=" " ind2=" ">
    <subfield code="c">Besoc</subfield>
  </datafield>
  <datafield tag="080" ind1=" " ind2=" ">
    <subfield code="0">82-312.4(73)</subfield>
  </datafield>
  <datafield tag="100" ind1="1" ind2="0">
    <subfield code="a">Coben, Harlan,</subfield>
    <subfield code="d">1962-</subfield>
    <subfield code="e">autor</subfield>
  </datafield>
  <datafield tag="245" ind1="1" ind2="0">
    <subfield code="a">Alta tensi&#xF3;n /</subfield>
    <subfield code="c">Harlan Coben ; traducci&#xF3;n de Alberto Coscarelli.</subfield>
  </datafield>
  <datafield tag="250" ind1=" " ind2=" ">
    <subfield code="a">1a ed.</subfield>
  </datafield>
  <datafield tag="260" ind1=" " ind2=" ">
    <subfield code="a">Barcelona :</subfield>
    <subfield code="b">RBA,</subfield>
    <subfield code="c">2011.</subfield>
  </datafield>
  <datafield tag="300" ind1=" " ind2=" ">
    <subfield code="a">367 p. ;</subfield>
    <subfield code="c">21 cm.</subfield>
  </datafield>
  <datafield tag="490" ind1="0" ind2=" ">
    <subfield code="a">Serie Negra</subfield>
    <subfield code="v">100</subfield>
  </datafield>
  <datafield tag="500" ind1=" " ind2=" ">
    <subfield code="a">En cubierta: Una historia de Myron Bolitar.</subfield>
  </datafield>
  <datafield tag="650" ind1="4" ind2=" ">
    <subfield code="a">Literarura norteamericana</subfield>
    <subfield code="v">Novela</subfield>
    <subfield code="y">Siglo XXI</subfield>
  </datafield>
  <datafield tag="655" ind1="4" ind2=" ">
    <subfield code="a">Novela policial</subfield>
  </datafield>
  <datafield tag="942" ind1=" " ind2=" ">
    <subfield code="2">udc</subfield>
    <subfield code="c">LPD</subfield>
    <subfield code="n">0</subfield>
  </datafield>
  <datafield tag="999" ind1=" " ind2=" ">
    <subfield code="c">563</subfield>
    <subfield code="d">563</subfield>
  </datafield>
  <datafield tag="952" ind1=" " ind2=" ">
    <subfield code="0">0</subfield>
    <subfield code="1">0</subfield>
    <subfield code="2">udc</subfield>
    <subfield code="4">0</subfield>
    <subfield code="7">0</subfield>
    <subfield code="8">CNP</subfield>
    <subfield code="a">ESOCIALES</subfield>
    <subfield code="b">ESOCIALES</subfield>
    <subfield code="d">2025-08-28</subfield>
    <subfield code="e">Donaci&#xF3;n 2025</subfield>
    <subfield code="l">0</subfield>
    <subfield code="o">82-312.4(73) C655</subfield>
    <subfield code="p">001364</subfield>
    <subfield code="r">2025-08-28 09:38:42</subfield>
    <subfield code="w">2025-08-28</subfield>
    <subfield code="y">LPD</subfield>
  </datafield>
</record>
